00470nam a2200157 a 450000500170000000800410001702000150005805000270007310000150010024500410011526000660015630000210022252100090024365000360025265000240028820140310183349.0070618s19uu xx 00 eng d a8176488275 aLB 2805.U4b.R215 2005 aRao, V. K. aManagement of Education /cV. K. Rao aAnsari Road, Darya Ganj, Delhi :bAPH Publishing Corp,c2005. a258 p. :c22 cm. aBSBA aManagementxStudy and teaching. aBusiness education.